| 000 | 00601nam a2200193 i 4500 | ||
|---|---|---|---|
| 001 | 129749 | ||
| 003 | ES-MaACL | ||
| 005 | 20230906193551.0 | ||
| 007 | t| | ||
| 008 | 070705n1900 fr ||||1| fre d | ||
| 080 | _a821.133.1-22"18" | ||
| 100 | 1 |
_aRaymond, H. _995630 |
|
| 245 | 1 | 4 |
_aLes 28 jours de Clairette _b: vaudeville-opérette en quatre actes / _cH. Raymond et Antony Mars. |
| 260 |
_aParis : _bLibrairie Théatrale, _c[s.a] |
||
| 300 |
_a175 p. ; _c19 cm. |
||
| 500 | _aBiblioteca Jacinto Martínez Lacalle. | ||
| 700 | 1 |
_aMars, Antony. _977094 |
|
| 852 |
_aES-MaACL _jE-11818 _bR.138983 |
||
| 999 |
_c129749 _d129749 |
||